Statistics for F1 Races That Were Cancelled

Click here to take the quiz!

General Stats

  • This quiz has been taken 100 times
    (73 since last reset)
  • The average score is 53 of 65

Answer Stats

SeasonReason for CancellationGrand Prix% Correct
1999Unspecified ReasonsChina
100%
2023COVID-19China
100%
2021COVID-19China
100%
2020COVID-19China
100%
2021COVID-19Australia
97%
2020COVID-19Australia
97%
2023Flooding and Severe WeatherEmilia-Romagna
97%
2022War Russia
97%
2020COVID-10Canada
93%
1987Sponsor Dispute Canada
93%
2009Unspecified ReasonsCanada
93%
1975Sponsor DisputeCanada
93%
2021COVID-19Canada
93%
1993Failed Replacement Asian
90%
2020COVID-19Brazil
90%
1985Safety ConcernsDallas
90%
2021COVID-19Japan
90%
2020COVID-19Japan
90%
1995Earthquake Pacific
90%
2020COVID-19Singapore
90%
2021COVID-19Singapore
90%
1981Financial ReasonsUSA
90%
2020COVID-19USA
90%
1992Mutual AgreementsUSA
90%
1972Track Not TestedUSA West
90%
19551955 Le Mans DisasterGermany
87%
2020COVID-19Vietnam
87%
2021Organiser CorruptionVietnam
87%
19551955 Le Mans DisasterFrance
83%
2009Unspecified ReasonsFrance
83%
2020COVID-10France
83%
1993Safety ConcernsMexico
83%
1972No Local InterestMexico
83%
1971Spectator Safety ConcernsMexico
83%
2020COVID-19Mexico
83%
2020COVID-19Monaco
83%
1956Suez Crisis Spain
83%
19551955 Le Mans DisasterSpain
83%
1982Safety ReasonsSpain
83%
1957Suez CrisisSpain
83%
2011Political UnrestBahrain
80%
1971Safety ConcernsBelgium
77%
1969Safety ConcernsBelgium
77%
1959Dispute on Finances Belgium
77%
1957Suez CrisisBelgium
77%
1956Suez CrisisNetherlands
77%
1957Suez CrisisNetherlands
77%
1954Financial Reasons Netherlands
77%
1986Circuit Owners Out of MoneyNetherlands
77%
2020COVID-19Netherlands
77%
1972Safety ConcernsNetherlands
77%
1983Unknown ReasonsSwitzerland
73%
19551955 Le Mans Disaster Switzerland
73%
1999Dispute Between OrganisersArgentina
63%
1994Circuit Underwent MaintenanceArgentina
63%
1982Lack of SponsorsArgentina
63%
1959No Local InterestArgentina
63%
1978Economic and Political ReasonsArgentina
63%
2020COVID-19Azerbaijan
63%
1997Organisers Failed RequirementsPortugal
63%
1979No Local Interest and FinancesSweden
63%
1965Safety ConcernsAustria
60%
1960Financial ReasonsMorocco
57%
1961Financial ReasonsMorocco
57%
1959Financial ReasonsMorocco
57%

Score Distribution

Percentile by Number Answered

Percent of People with Each Score

Your Score History

You have not taken this quiz since the last reset